000 01056nam0a22002771 4500
001 rc\4963486
005 20260406203044.0
021 _aRU
_b62-79557
021 _aRU
_bРг246
035 _a(NLR Aleph) 008863426
090 _a8475728
_c8475728
100 _a20130426d1961 |||y0rusy50 ca
101 0 _arus
102 _aRU
105 _ay ac |||||
200 1 _aРевматизм
_eБиблиогр. указатель рекоменд. литературы (1955 - янв. 1961 г.)
_fТерноп. обл. отд. здравоохранения. Терноп. обл. науч. мед. б-ка
210 _aТернополь
_cБ. и.
_d1961
215 _a48 с.
_d20
300 _aНа обороте тит. л. сост.: библиограф О.М. Кордуба
702 1 _aКордуба
_bО.М.
_4220
712 0 2 _aТернопольская обл. науч. мед. б-ка
_3RU\NLR\AUTH\889963133
_9422563
801 0 _aRU
_bNLR
_gpsbo
801 1 _aRU
_bELAR
_2rusmarc
852 _aNLR
_jС 269Ревм/Р32
942 _cBOOK
980 _aNB